| 000 | 01562nam a2200253Ia 4500 | ||
|---|---|---|---|
| 008 | 0000002017 sp ad 0000000000spa00 | ||
| 020 | _a9788470756443 | ||
| 090 | _aPSP00 S84e | ||
| 100 | 1 | _aSullivan, Edward J. | |
| 245 | 1 | 0 |
_aEsteban Lisa _b: el gabinete abstracto _c/ textos de Edward J. Sullivan, Rafael Argullol and Julio Sánchez Gil ; editores Manuel Fontán del Junco, María Toledo |
| 300 |
_a153 p. _c/ 23 cm. |
||
| 500 | _aArtista nacido en España y desde muy niño fue llevado a Buenos Aires, lugar en donde desarrolló su vida y obra \ Exposición realizada en: Museu Fundación Juan March, Palma, Mallorca entre el 1 de febrero y el 20 de mayo de 2017; En el Museo de Arte abstracto Español de Cuenca del 2 de junio al 3 de septiembre de 2017 y en Mcm.ullen Museum of Art at Boston College del 15 de septiembre al 10 de diciembre de 2017 \ El centro de documentación incluye versión en inglésl del mismo catálogo, consultarlo con clasificación: PSP00 S84e1 \ Incluye datos biográficos y cronología artística | ||
| 600 | 0 | 0 |
_a LISA, ESTEBAN, 18951983/ _xTRABAJOS PICTORICOS |
| 650 | 1 | 4 | _a PINTURA ABSTRACTA ESPAÑOLA |
| 650 | 1 | 4 | _aARTE ABSTRACTO ARGENTINO |
| 650 | 1 | 4 | _aARTE ABSTRACTO ESPAÑOL |
| 650 | 1 | 4 | _aARTISTAS PLASTICOS ESPAÑOLES CRITICA E INTERPRETACION |
| 650 | 1 | 4 | _xCATALOGOS |
| 650 | 1 | 4 | _aENSAYOS, CONFERENCIAS, ETC |
| 650 | 1 | 4 | _xEXPOSICIONES |
| 650 | 1 | 4 | _aPINTURA ABSTRACTA ARGENTINA |
| 700 | 1 | _aArgullol, Rafael \ Sánchez Gil, Julio | |
| 999 |
_c16763 _d16763 |
||
| 260 |
_aMadrid : Fundación Juan March _c, 2017 |
||